000 00288nam a2200133Ia 4500
005 20251222155117.0
008 251222s9999||||xx |||||||||||||| ||spa||
082 _aFIL. 07.7
100 _aPERMENIDES H,
245 0 _aFragmentos
250 _a1ra. ed.
264 _bOrbis
942 _cLIB
999 _c38277
_d38277